| 000 | 01196cam a22003617a 4500 | ||
|---|---|---|---|
| 003 | CHAP | ||
| 005 | 20220329142303.0 | ||
| 008 | 000511d1997 us a r 00110 eng d | ||
| 010 | _a81078 | ||
| 011 | _a82050 | ||
| 020 | _a0824700422 | ||
| 035 | _a92535 | ||
| 040 | _cCHAP | ||
| 082 | 0 | 4 |
_a631.521 _bD4 |
| 100 | 0 | 0 |
_aDesai, B. B. _931959 |
| 245 | 1 | 0 |
_aSeeds handbook : _bbiology, production, processing, and storage _c/by B.B. Desai, P.M. Kotecha and D.K. Salunkhe |
| 260 |
_aNew York : _bMarcel Dekker, _c1997. |
||
| 300 |
_a627 p. : _bilus. |
||
| 590 |
_aBATCH-UPD _b10 _c20130110 _lUCH01 _h0654 |
||
| 590 |
_aBATCH-UPD _b10 _c20130410 _lUCH01 _h0339 |
||
| 590 |
_aBATCH-UPD _b10 _c20130914 _lUCH01 _h1624 |
||
| 590 |
_aCONVERSION _b10 _c20130109 _lUCH01 _h1345 |
||
| 650 | 1 | 4 |
_aSemillas _xAlmacenamiento. _9103875 |
| 650 | 1 | 4 |
_aSemillas _xCertificación. _9103883 |
| 650 | 1 | 4 |
_aSemillas _xManuales. _9103911 |
| 650 | 1 | 4 |
_aSemillas _xRendimiento. _9103930 |
| 700 | 0 |
_aKotecha, P.M. _963785 |
|
| 700 | 0 |
_aSalunkhe, D.K. _9101847 |
|
| 901 | _aBK | ||
| 905 | _aAlejandra Carrasco M. | ||
| 942 | _cLIBRO | ||
| 949 |
_a631.521 D4 _bBC _cLIBRO _d33724000781282 _eLIBRO _gI.203134 _h97680 _i92535 _so _t$2378. |
||
| 999 |
_c81078 _d81078 |
||